000 00404nam a2200133Ia 4500
008 220120s9999||||xx |||||||||||||| ||und||
020 _a9780070532465
082 _a624 SAW
100 _asawant H.J and Nitsure S. P
245 0 _aElements of Civil Engineering and Engineering Mechanics
260 _aTechnical publications
_bNew Delhi
_c2014
300 _aXXXII, 1023p.
_b525
650 _aCOMPUTER SCIENCE
999 _c134441
_d134441